000
00229nam a22001097a 4500
082
_a
001.642WAR
100
_a
Warnier
245
_a
Logical construction of programs
260
_a
H E
_b
Stenfer
_c
1974
300
_a
221
942
_c
BK
999
_c
12585
_d
12585